Derechos de autor, tecnologa̕ y educacin̤ para el siglo XXI El tratado de libre comercio entre Colombia y Estados Unidos /

Detalles Bibliográficos
Autor principal: Palacio Puerta, Marcela
Formato: eBook
Lenguaje:español
Publicado: Bogot:̀ Universidad Sergio Arboleda, 2016
Materias:
Acceso en línea:Acceso restringido

MARC

LEADER 00000nam a22000007a 4500
005 20161212235522.0
007 cr|||| |||
008 161212s2016 co |||||s|||| 00||0 spa d
020 |a 978-958-59490-4-1 
035 |a 14671 
040 |a vLex 
090 |c 6489  |d 6489 
100 1 |a Palacio Puerta, Marcela 
245 1 0 |a Derechos de autor, tecnologa̕ y educacin̤ para el siglo XXI  |h [Recurso electrn̤ico] :  |b El tratado de libre comercio entre Colombia y Estados Unidos /  |c Marcela Palacio Puerta 
256 |a Servicio en ln̕ea 
260 |a Bogot:̀  |b Universidad Sergio Arboleda,  |c 2016 
300 |a 1 recurso electrn̤ico 
500 |a Este libro abarca por primera vez en la literatura existente la interseccin̤ de tres temas controversiales en el mundo de los derechos de autor: educacin̤, tecnologa̕ y tratados de libre comercio (TLC), enfocǹdose en el caso de Colombia. De esta manera, este libro advierte como una implementacin̤ inadecuada de las obligaciones en materia de derechos de autor incorporadas en el tratado de libre comercio con los Estados Unidos, como se intento en Colombia, puede afectar los efectos positivos de polt̕icas que buscan incorporar la tecnologa̕ en la educacin̤ con el props̤ito de arreglar diversas falencias del sistema educativo y promover la inclusin̤ social. Por lo tanto, este libro se convierte en una herramienta importante para los estudiosos del tema al igual que para los encargados de polt̕icas pb︢licas de pas̕es que, al igual que Colombia, estǹ en proceso de implementar las obligaciones adquiridas en TLC con los Estados Unidos. 
506 1 |a Disponible solo en los productos indicados  |d vLex Global  |d vLex Global (Academic Edition, excluding Law Schools)  |d vLex Global (U.S. Academic Edition, Law Schools)  |d vLex Global (U.S. Academic Edition, excluding Law Schools)  |d vLex Global (Academic Edition, Law Schools) 
650 0 4 |a Derecho Civil  |z Colombia 
740 0 |a vLex Libros (Servicio en ln̕ea) 
856 4 0 |u http://vlex.com/source/derechos-de-autor-tecnologia-y-educacion-para-el-siglo-xxi-el-tratado-de-libre-comercio-entre-colombia-y-estados-unidos-14671  |z Acceso restringido 
942 |c BOOK 
999 0 |a Civil Law